01186nam a2200313Ia 4500001000600000003000500006008004100011010001100052040000900063090001600072100004200088245019500130260004100325300001000366502008100376650001900457650003800476650004100514650003200555650003100587700005100618901001600669902000600685910000900691942000600700942000600706999001900712952014100731Z_743CHAP220113s1990 xx 000 0 und d a163836 cCHAP aTesis G 630 aGonzález Mota, José Manuel949211 aConsumo y digestibilidad de dietas con diferentes proporciones de sorgo y rastrojo de maíz en borregos de pelo /cpor José Manuel González Mota, Felipe de Jesús González Melgarejo aChapingo, Méx. :bEl autor,c1990 a83 h. aTesis (Ing. Agrónomo Esp. en Zootecnia) -- UACH. Departamento de Zootecnia aDietas 932541 7aForrajesxDigestibilidad2942568 aGanado lanarxAlimentación 945153 aRastrojo de maíz 9137869 aSorgo como forraje9108743 aGonzález Melgarejo, Felipe de Jesús949170 aTESIS G 630 aM a1990 c2 c2 c163836d163836 00102local4051708TESISaZbZd2005-11-09eEl autorl0oTesis G66 630 1990p5101000865r2022-01-18 00:00:00tEj.1w2022-01-18yTESIS